000
00415nam a2200145Ia 4500
008
100204s9999 xx 000 0 und d
082
_b
2903
100
_a
रानडे जयंत
245
_a
जीवन नौका
260
_b
नवचैतन्य प्रकाशन
_c
1980
300
_a
256
630
_a
जीवन नौका
730
_a
जीवन नौका
942
_c
BOOK
999
_c
447897
_d
447894